Statistics for County Seats Of Washington

Click here to take the quiz!

General Stats

  • This quiz has been taken 25 times
  • The average score is 19 of 39

Answer Stats

CountySeat% Correct
ThurstonOlympia
100%
KingSeattle
100%
_______Spokane
100%
_____ _____Walla Walla
100%
SnohomishEverett
91%
PierceTacoma
91%
ClarkVancouver
91%
FranklinPasco
82%
______Yakima
82%
WhatcomBellingham
73%
ClallamPort Angeles
73%
WhitmanColfax
55%
KittitasEllensburg
55%
JeffersonPort Townsend
55%
ChelanWenatchee
55%
San JuanFriday Harbor
45%
FerryRepublic
45%
LewisChehalis
36%
IslandCoupeville
36%
KlickitatGoldendale
36%
CowlitzKelso
36%
Grays HarborMontesano
36%
SkagitMount Vernon
36%
________Okanogan
36%
MasonShelton
36%
PacificSouth Bend
36%
SkamaniaStevenson
36%
______Asotin
27%
WahkiakumCathlamet
27%
GrantEphrata
27%
Pend OreilleNewport
27%
KitsapPort Orchard
27%
BentonProsser
27%
AdamsRitzville
27%
DouglasWaterville
27%
StevensColville
18%
LincolnDavenport
18%
ColumbiaDayton
18%
GarfieldPomeroy
18%

Score Distribution

Percentile by Number Answered

Percent of People with Each Score

Your Score History

You have not taken this quiz